La cabellera del maestro / (Record no. 17803)
[ view plain ]
| 000 -CABECERA | |
|---|---|
| campo de control de longitud fija | 00808cam a2200229 a 4500 |
| 001 - NÚMERO DE CONTROL | |
| campo de control | 000018282 |
| 005 - FECHA Y HORA DE LA ÚLTIMA TRANSACCIÓN | |
| campo de control | 20200929165433.0 |
| 008 - DATOS DE LONGITUD FIJA--INFORMACIÓN GENERAL | |
| campo de control de longitud fija | 890919s1987 pr a 000 p spa d |
| 040 ## - FUENTE DE LA CATALOGACIÓN | |
| Centro catalogador/agencia de origen | DO-SdBNP |
| Lengua de catalogación | spa |
| Centro/agencia transcriptor | BNPHU |
| 041 17 - CÓDIGO DE LENGUA | |
| Código de lengua del texto/banda sonora o título independiente | spaeng |
| Fuente del código | Código de idiomas MARC |
| 082 ## - NÚMERO DE LA CLASIFICACIÓN DECIMAL DEWEY | |
| Número de clasificación | PR861.44 |
| Número de documento/Ítem | C117c |
| 100 1# - ENTRADA PRINCIPAL--NOMBRE DE PERSONA | |
| Nombre de persona | Cabrera, José Antonio, |
| 9 (RLIN) | 39590 |
| 245 13 - MENCIÓN DE TÍTULO | |
| Título | La cabellera del maestro / |
| Mención de responsabilidad, etc. | José Antonio Cabrera ; traducción de José Abad Ramos. |
| 246 11 - FORMA VARIANTE DE TÍTULO | |
| Título propio/Titulo breve | On the visions of the Master´s Hair |
| 250 ## - MENCIÓN DE EDICIÓN | |
| Mención de edición | Ed. bilingue. |
| 260 ## - PUBLICACIÓN, DISTRIBUCIÓN, ETC. | |
| Lugar de publicación, distribución, etc. | San Juan, Puerto Rico : |
| Nombre del editor, distribuidor, etc. | Yaurel, |
| Fecha de publicación, distribución, etc. | 1987. |
| 300 ## - DESCRIPCIÓN FÍSICA | |
| Extensión | 233 p. : |
| Otras características físicas | il. ; |
| Dimensiones | 24 cm. |
| 650 #4 - PUNTO DE ACCESO ADICIONAL DE MATERIA--TÉRMINO DE MATERIA | |
| Término de materia o nombre geográfico como elemento de entrada | Poesía puertorriqueña |
| 9 (RLIN) | 1015 |
| 650 #4 - PUNTO DE ACCESO ADICIONAL DE MATERIA--TÉRMINO DE MATERIA | |
| Término de materia o nombre geográfico como elemento de entrada | Literatura puertorriqueña |
| Subdivisión cronológica | SIGLO XX |
| 9 (RLIN) | 5311 |
| 700 1# - PUNTO DE ACCESO ADICIONAL--NOMBRE DE PERSONA | |
| Nombre de persona | Abad Ramos, José, |
| Término indicativo de función/relación | tr. |
| 9 (RLIN) | 39591 |
| 740 0# - PUNTO DE ACCESO ADICIONAL--TÍTULO RELACIONADO O ANALÍTICO NO CONTROLADO | |
| Título relacionado o analítico no controlado | On the visions of the Master´s Hair |
| Estado de retiro | Estado de pérdida | Restricciones de uso | No para préstamo | Código de colección | Localización permanente | Ubicación/localización actual | Ubicación en estantería | Fecha de adquisición | Número de inventario | Total de préstamos | Signatura topográfica completa | Código de barras | Fecha visto por última vez | Precio válido a partir de | Tipo de ítem Koha |
|---|---|---|---|---|---|---|---|---|---|---|---|---|---|---|---|
| Excluido de préstamo | Monografías: Libros y Folletos | General | General | Depósito | 22.04.2010 | LF1 | PR861.44 C117c | 18282-10 | 25.06.2020 | 25.06.2020 | No se presta | ||||
| Monografías: Libros y Folletos | General | General | Orden iniciada | 29.05.2017 | LF1 | PR861.44 C117c | 18282-20 | 25.06.2020 | 25.06.2020 | No se presta |
